00739nam a22002177a 450000500170000001000150001702000260003203500140005803700090007208200140008110000310009524500530012625000060017926000480018527000820023330000200031570000100033594200280034599900190037395201290039220240823153633.0 aENG-141444 a9788196332983c495.00 aEN-124976 bDBAD a820.9221 aSamuel, Susie Baboo970540 aThe Bear Wore a Swimsuit/cBy Susie Baboo Samuel a1 aNew DelhibVitasta Publishing Pvt Ltdc2024 a2/15, Ansari Road, Daryaganj,bNew Delhi e110002minfo@vitastapublishing.com a262p.c23cm(pb) 970539 2ddccENh820.92mSAMe1 c205271d205271 001040708NFICaVPbVPd2024-08-23eDBADg495.00l0o820.92 SAMpEN-124976r2024-08-23 00:00:00t1v495.00w2024-08-23yEN